Costos de producción de café en Costa Rica, cosecha 1980-1981

Guardat en:
Dades bibliogràfiques
Autor principal: Sánchez Salas, Porfirio Gerardo
Format: Text
Publicat: San José: Oficina del Café
Etiquetes: Afegir etiqueta
Sense etiquetes, Sigues el primer a etiquetar aquest registre!

MARC

LEADER 00000 a a2200000 04500
001 15113
003
040
090 |a 028300  
100 |a Sánchez Salas, Porfirio Gerardo  
245 |a Costos de producción de café en Costa Rica, cosecha 1980-1981  
260 |a San José:   |b Oficina del Café  
300 |a 6; 129 p.  
999 |c 15362  |d 15362